LDR 00852naa#a2200169#i#450# 001 EN\\bibl\121107 005 20260604075809.4 011 ## _a2588-0209 100 ## _a20260601b2026####ek#y0engy0150####ca 102 ## _aRU 200 1# _aANALYSIS OF FIXED ASSET REPRODUCTION IN INTEGRATED AGRO‑INDUSTRIAL STRUCTURES: TRENDS IN EQUIPMENT AVAILABILITY AND RESOURCE POTENTIAL UTILIZATION IN THE VORONEZH REGION _eJournal article 210 1# _aMoscow _cElectronic science _d2026 215 ## _a24 с. 608 ## _aJournal article _2local 675 ## _aОрганизация и управление сельскохозяйственным производством. 631.15 _aСельскохозяйственные машины и орудия. Сельскохозяйственное оборудование. 631.3 _z 700 #1 _aNovikova _gValentina Anatolyevna 856 4# _aqje.su _u